[Event "JUG-chT"]
[Site "Tivat"]
[Date "1995.??.??"]
[Round "10"]
[White "Raicevic, Vladimir"]
[Black "Drasko, Milan"]
[Result "1/2-1/2"]
[WhiteElo "2465"]
[BlackElo "2505"]
[PlyCount "66"]
[EventDate "1995.??.??"]
[Source "ChessBase"]

1. d4 d5 2. Nf3 Nf6 3. c4 dxc4 4. Qa4+ c6 5. Qxc4 Bf5 6. Nc3 e6 7. Bg5 Be7 8. e3 h6 9. Bh4 Nbd7 10. Qb3 O-O 11. h3 b5 12. Be2 Ne4 13. Bxe7 Qxe7 14. O-O Rab8 15. Rac1 Rfc8 16. Rfd1 a5 17. Bd3 a4 18. Qc2 Nxc3 19. Qxc3 Bxd3 20. Rxd3 c5 21. dxc5 Nxc5 22. Qb4 Qf8 23. Rdc3 Nd7 24. Rxc8 Rxc8 25. Rxc8 Qxc8 26. Qxb5 Qc1+ 27. Kh2 Qc7+ 28. g3 Qc2 29. Kg2 Nf6 30. Ne5 Qe4+ 31. Nf3 Qc2 32. Ne5 Qe4+ 33. Nf3 Qc2 1/2-1/2

[Event "Spring op"]
[Site "Budapest"]
[Date "1990.??.??"]
[Round "7"]
[White "Fominyh, Alexander"]
[Black "Kuporosov, Viktor"]
[Result "1/2-1/2"]
[WhiteElo "2525"]
[BlackElo "2445"]
[PlyCount "39"]
[EventDate "1990.??.??"]
[Source "ChessBase"]

1. Nf3 d5 2. d4 Nf6 3. c4 dxc4 4. Qa4+ c6 5. Qxc4 Bf5 6. g3 e6 7. Bg2 Nbd7 8. O-O Be7 9. Nc3 O-O 10. e3 Ne4 11. Nd2 Nxd2 12. Bxd2 e5 13. Qb3 exd4 14. exd4 Nb6 15. d5 Bd3 16. Rfd1 Bc4 17. Qc2 Nxd5 18. Nxd5 Bxd5 19. Bc3 Bf6 20. Bxf6 1/2-1/2

[Event "ARG-ch97"]
[Site "Villa Martelli"]
[Date "1998.08.15"]
[Round "9"]
[White "Hoffman, Alejandro"]
[Black "Gomez Baillo, Jorge H"]
[Result "0-1"]
[WhiteElo "2525"]
[BlackElo "2445"]
[PlyCount "158"]
[EventDate "1998.04.15"]
[Source "www.chesslib.no"]
[SourceDate "2004.05.04"]

1. d4 d5 2. c4 dxc4 3. Nf3 Nf6 4. Qa4+ c6 5. Qxc4 Bf5 6. g3 Nbd7 7. Nc3 e6 8. Bg2 Be7 9. O-O O-O 10. Bg5 h6 11. Bxf6 Bxf6 12. Rfd1 Re8 13. Rd2 Qc7 14. h3 Red8 15. Rad1 Nb6 16. Qb3 e5 17. dxe5 Rxd2 18. Rxd2 Bxe5 19. Nxe5 Qxe5 20. e4 Be6 21. Qc2 Nc4 22. Rd1 f6 23. b3 Nb6 24. Ne2 Bf7 25. Nf4 Qe7 26. h4 Rd8 27. h5 Rxd1+ 28. Qxd1 Qd7 29. Qe1 Qd4 30. Qa5 a6 31. Bh3 Qd1+ 32. Kg2 Qd4 33. Bf5 Kf8 34. Ne2 Qd8 35. Qb4+ Ke8 36. Nf4 Qc7 37. f3 Nd7 38. Ng6 Bxg6 39. Bxg6+ Kd8 40. Qc4 Qd6 41. Bf5 Qe7 42. f4 Qd6 43. Qg8+ Qf8 44. Qxf8+ Nxf8 45. b4 Nd7 46. Kf3 Nb6 47. Ke3 a5 48. bxa5 Nc4+ 49. Kd4 Nxa5 50. e5 fxe5+ 51. Kxe5 Ke7 52. Bd3 b6 53. g4 Nb7 54. Be4 Nd8 55. Bf3 b5 56. g5 Nf7+ 57. Kf5 c5 58. Bd5 Kf8 59. Kg6 Nh8+ 60. Kh7 Nf7 61. Kg6 Nh8+ 62. Kf5 Nf7 63. a3 c4 64. gxh6 Nxh6+ 65. Ke4 Nf7 66. Kd4 Nd6 67. Bf3 Ke7 68. Bd1 Nf5+ 69. Kc3 Kd6 70. Bc2 Ne3 71. Bg6 Nd5+ 72. Kd4 Nxf4 73. Bf7 Ke7 74. Bg8 Nxh5 75. Bh7 Kd6 76. Bc2 Nf4 77. a4 Ne6+ 78. Kc3 Kc5 79. axb5 Nc7 0-1

[Event "Las Palmas Open"]
[Site "Las Palmas ESP"]
[Date "1995.??.??"]
[Round "2"]
[White "Kurajica, Bojan"]
[Black "Solana Suarez, Ernesto"]
[Result "1-0"]
[WhiteElo "2585"]
[BlackElo "2385"]
[PlyCount "74"]
[EventDate "1995.11.??"]
[Source "www.chesslib.no"]
[SourceDate "2004.05.04"]

1. Nf3 d5 2. d4 Nf6 3. c4 dxc4 4. Qa4+ c6 5. Qxc4 Bf5 6. g3 e6 7. Bg2 Nbd7 8. O-O Nb6 9. Qb3 Qd5 10. Nbd2 Qxb3 11. Nxb3 Be4 12. Bd2 Nc4 13. Bc3 Nd5 14. a4 Nxc3 15. bxc3 Be7 16. a5 O-O 17. Ra2 Rab8 18. Nfd2 Nxd2 19. Nxd2 Bxg2 20. Kxg2 c5 21. Rb1 Rfc8 22. Rab2 Rc7 23. e4 Rd7 24. Nf3 cxd4 25. cxd4 Bf6 26. Rd2 Rc8 27. d5 exd5 28. Rxd5 Rcc7 29. a6 b6 30. Rc1 Kf8 31. Rxd7 Rxd7 32. Rc8+ Rd8 33. Rc7 Ra8 34. e5 Bd8 35. Rb7 b5 36. Nd4 b4 37. e6 Bb6 1-0

[Event "DSV-Turnier"]
[Site "Halle GER"]
[Date "1978.??.??"]
[Round "11"]
[White "Malich, Burkhard"]
[Black "Meduna, Eduard"]
[Result "1/2-1/2"]
[WhiteElo "2535"]
[BlackElo "2435"]
[PlyCount "80"]
[EventDate "1978.11.05"]
[Source "www.chesslib.no"]
[SourceDate "2004.05.04"]

1. Nf3 d5 2. d4 Nf6 3. c4 dxc4 4. Qa4+ c6 5. Qxc4 Bf5 6. g3 e6 7. Bg2 Be7 8. O-O O-O 9. Nc3 Ne4 10. Ne5 Nxc3 11. bxc3 Nd7 12. Nd3 Nb6 13. Qb3 Bxd3 14. exd3 Rb8 15. Re1 Nd5 16. Bd2 Bg5 17. f4 Bf6 18. Kh1 g6 19. Rab1 b5 20. a4 a5 21. c4 bxc4 22. Qxc4 Rxb1 23. Rxb1 Qa8 24. Rc1 Rc8 25. Qc5 Be7 26. Qxa5 Qxa5 27. Bxa5 Ra8 28. Bd2 Rxa4 29. Rxc6 Ra1+ 30. Rc1 Rxc1+ 31. Bxc1 h5 32. Bxd5 exd5 33. Bd2 f5 34. Kg2 Bf6 35. Bc3 Kf7 36. Kf3 Ke6 37. Ke3 Kd7 38. Bb4 Bg7 39. Bc5 Bf6 40. Ba7 Kc7 1/2-1/2

[Event "Soviet Union"]
[Site "Soviet Union"]
[Date "1984.??.??"]
[Round "?"]
[White "Tukmakov, Vladimir B"]
[Black "Kozlov, Vladimir N"]
[Result "1-0"]
[WhiteElo "2550"]
[BlackElo "2415"]
[PlyCount "81"]
[EventDate "1984.??.??"]
[Source "www.chesslib.no"]
[SourceDate "2004.05.04"]

1. d4 d5 2. c4 dxc4 3. Nf3 Nf6 4. Qa4+ Nc6 5. g3 Be6 6. Bg2 Qd7 7. Nc3 Bd5 8. Nxd5 Nxd5 9. Qxc4 Nb6 10. Qb3 Qd5 11. Qd3 e6 12. O-O Qc4 13. Qxc4 Nxc4 14. b3 Nb6 15. Bb2 Be7 16. Rac1 O-O-O 17. Rxc6 bxc6 18. Ne5 Bf6 19. Nxc6 Rd6 20. Nxa7+ Kb8 21. Nc6+ Kc8 22. Rc1 Kd7 23. Ba3 Rd5 24. Bxd5 exd5 25. Bb4 Ra8 26. Rc2 Nc8 27. e3 Na7 28. Nxa7 Rxa7 29. Bc5 Ra8 30. a4 c6 31. Ra2 Bd8 32. b4 f5 33. h4 h5 34. Kf1 Bc7 35. Ke2 g6 36. Kd3 Kc8 37. Kc3 Kb7 38. Kb3 Bd8 39. Bd6 Bb6 40. Rc2 Bd8 41. a5 1-0

[Event "Wch U20"]
[Site "Halle"]
[Date "1995.??.??"]
[Round "10"]
[White "Gabriel, Christian"]
[Black "Spangenberg, Hugo"]
[Result "1/2-1/2"]
[WhiteElo "2475"]
[BlackElo "2490"]
[PlyCount "92"]
[EventDate "1995.09.??"]
[Source "ChessBase"]

1. d4 d5 2. Nf3 Nf6 3. c4 dxc4 4. Qa4+ c6 5. Qxc4 Bf5 6. g3 e6 7. Bg2 Nbd7 8. O-O Be7 9. Qb3 Qb6 10. Nbd2 O-O 11. Nc4 Qa6 12. Bf4 Nb6 13. Bd6 Rfe8 14. Bxe7 Rxe7 15. Nfe5 Nxc4 16. Nxc4 Rd8 17. Rfd1 Be4 18. f3 Bd5 19. Qa3 Bxc4 20. Qxe7 Rd7 21. Qc5 Bxe2 22. Rd2 Bc4 23. Rc2 Bd5 24. Bf1 Qb6 25. Qxb6 axb6 26. Kf2 Rd8 27. a4 Ra8 28. Ra3 Kf8 29. Rc1 Ke7 30. Ke3 Kd6 31. Bd3 h6 32. b4 Ne8 33. Bc4 Nc7 34. Bd3 Re8 35. b5 Ra8 36. Rb1 Ra5 37. bxc6 Bxc6 38. Be4 b5 39. Rba1 Nd5+ 40. Bxd5 Bxd5 41. axb5 Rxb5 42. Rd1 Rb2 43. Rd2 Rb1 44. Rc2 Bc6 45. Rac3 Ke7 46. h4 Kf6 1/2-1/2

[Event "otb"]
[Site "otb"]
[Date "2007.04.26"]
[Round "10"]
[White "Borges Mateos Juan"]
[Black "Moreno Ruiz Javier"]
[Result "1/2-1/2"]
[WhiteElo "2482"]
[BlackElo "2482"]
[PlyCount "29"]
[Source "www.chesslib.no"]
[SourceDate "2004.05.04"]

1. d4 d5 2. Nf3 Nf6 3. c4 dxc4 4. Qa4+ Nc6 5. e3 Nd7 6. Qxc4 e5 7. Qc2 exd4 8. exd4 Bb4+ 9. Nc3 O-O 10. a3 Ba5 11. Be3 Nf6 12. h3 Re8 13. b4 Bb6 14. Rd1 Ne7 15. Bd3 1/2-1/2

[Event "Cappelle Open"]
[Site "Cappelle la Grande FRA"]
[Date "1993.??.??"]
[Round "9"]
[White "Crouch, Colin S"]
[Black "Sadler, Matthew"]
[Result "0-1"]
[WhiteElo "2415"]
[BlackElo "2540"]
[PlyCount "66"]
[EventDate "1993.02.??"]
[Source "www.chesslib.no"]
[SourceDate "2004.05.04"]

1. d4 d5 2. c4 dxc4 3. Nf3 Nf6 4. Qa4+ Nc6 5. Nc3 Nd5 6. e4 Nb6 7. Qd1 Bg4 8. d5 Ne5 9. Qd4 Nxf3+ 10. gxf3 Bxf3 11. Rg1 Qd6 12. a4 a6 13. e5 Qd7 14. e6 fxe6 15. Bh3 Nxd5 16. Rg3 Nxc3 17. Qxd7+ Kxd7 18. Rxf3 Ne4 19. Bf4 g6 20. Rd1+ Nd6 21. Re3 Bg7 22. Bxe6+ Ke8 23. Bd5 Bxb2 24. Bg5 Nf5 25. Re2 Bc3+ 26. Kf1 Rd8 27. Rc2 c6 28. Bf3 Rxd1+ 29. Bxd1 Bf6 30. Bxf6 exf6 31. Rxc4 Ke7 32. Bg4 Nd6 33. Rc3 Re8 0-1

[Event "New York op"]
[Site "New York"]
[Date "1988.??.??"]
[Round "?"]
[White "Gheorghiu, Florin"]
[Black "Rodriguez Vargas, Orestes"]
[Result "0-1"]
[WhiteElo "2535"]
[BlackElo "2420"]
[PlyCount "138"]
[EventDate "1988.03.??"]
[Source "ChessBase"]

1. d4 d5 2. Nf3 Nf6 3. c4 dxc4 4. Qa4+ c6 5. Qxc4 Bf5 6. g3 e6 7. Bg2 Nbd7 8. O-O Nb6 9. Qb3 Qd5 10. Nbd2 Qxb3 11. Nxb3 a5 12. Bd2 Nc4 13. Ne5 Nxd2 14. Nxd2 Bb4 15. Ndc4 O-O 16. a3 Be7 17. Nb6 Ra6 18. Na4 Rd8 19. Nc5 Rb6 20. Nc4 Bxc5 21. dxc5 Rb5 22. b4 axb4 23. Nd6 Rxd6 24. cxd6 b3 25. e4 Bg6 26. Rfd1 Nd7 27. Rab1 Kf8 28. Rd3 Ke8 29. a4 Ra5 30. Rdxb3 Nc5 31. Rb4 Kd7 32. Rd1 f6 33. Rdd4 Ra7 34. Bh3 Bh5 35. f4 Be2 36. Kf2 Ba6 37. Ke3 Ra8 38. Rd2 b5 39. Ra2 Nxa4 40. Rc2 c5 41. Rxa4 bxa4 42. e5 fxe5 43. fxe5 a3 44. Bg2 Bb7 45. Bxb7 a2 46. Bxa8 a1=Q 47. Be4 Qxe5 48. Rd2 c4 49. Rd1 g6 50. Rd2 Qc5+ 51. Ke2 Qg1 52. Kf3 Qh1+ 53. Ke3 Qe1+ 54. Re2 Qg1+ 55. Kf3 Kxd6 56. Bc2 e5 57. Ke4 Qf1 58. Ke3 Kd5 59. Be4+ Kc5 60. Bc2 Qh1 61. Be4 Qg1+ 62. Kf3 c3 63. Bc2 Kd4 64. Re4+ Kd5 65. Bb3+ Kd6 66. Re2 Qf1+ 67. Ke3 e4 68. Rf2 Qd3+ 69. Kf4 e3 0-1

[Event "Majdanpek"]
[Site "Majdanpek"]
[Date "1976.??.??"]
[Round "13"]
[White "Knezevic, Milorad"]
[Black "Tarjan, James Edward"]
[Result "1/2-1/2"]
[WhiteElo "2460"]
[BlackElo "2490"]
[PlyCount "124"]
[EventDate "1976.01.??"]
[Source "ChessBase"]

1. d4 d5 2. c4 dxc4 3. Nf3 Nf6 4. Qa4+ Nbd7 5. Nc3 e6 6. e4 Be7 7. Bxc4 O-O 8. Qc2 c5 9. dxc5 Bxc5 10. O-O Qc7 11. Nb5 Qb8 12. Nbd4 a6 13. Bd3 b6 14. Nc6 Qc7 15. e5 Qxc6 16. exf6 Bb7 17. b4 Bd6 18. Bxh7+ Kh8 19. fxg7+ Kxg7 20. Bb2+ Kh6 21. Rfd1 Be7 22. Qxc6 Bxc6 23. Nd4 Bd5 24. Nf5+ exf5 25. Rxd5 Nf6 26. Bxf6 Bxf6 27. Rd6 Kg7 28. Rad1 Be7 29. Rd7 Bxb4 30. Bxf5 Rae8 31. Bd3 b5 32. Rd4 Ba3 33. Rg4+ Kh6 34. Rf4 Kg7 35. Bf1 Rd8 36. Rb1 f6 37. Rb3 Bd6 38. Rg4+ Kf7 39. a4 f5 40. Rh4 Rh8 41. Rbh3 Rxh4 42. Rxh4 Rb8 43. Bd3 f4 44. Rh6 Ke7 45. axb5 axb5 46. g4 fxg3 47. hxg3 b4 48. Bf5 Bc5 49. Re6+ Kf7 50. Rc6 Bd4 51. Be6+ Ke7 52. Bb3 Rf8 53. Re6+ Kd7 54. Re2 Rf3 55. Ba4+ Kd6 56. Kg2 Ra3 57. Bc2 b3 58. Bb1 Ra1 59. Re1 Ra2 60. Bxa2 bxa2 61. g4 a1=Q 62. Rxa1 Bxa1 1/2-1/2

[Event "BL2-Sued 0304"]
[Site "Germany"]
[Date "2003.??.??"]
[Round "?.1"]
[White "Ikonnikov, Vyacheslav"]
[Black "Ivanov, Mikhail M"]
[Result "1-0"]
[WhiteElo "2545"]
[BlackElo "2405"]
[PlyCount "66"]
[EventDate "2003.10.??"]
[Source "Roberto Alvarez"]
[SourceDate "2004.07.26"]

1. d4 Nf6 2. Nf3 d5 3. c4 dxc4 4. Qa4+ Nc6 5. e3 Nd7 6. Qxc4 Nb6 7. Qc2 g6 8. Bb5 Bd7 9. Nc3 Bg7 10. O-O O-O 11. Rd1 Bf5 12. Qe2 Qd6 13. h3 a6 14. Bxc6 bxc6 15. e4 Be6 16. Bg5 a5 17. Bh4 Rfb8 18. Bg3 Qd8 19. Ne5 Qe8 20. d5 cxd5 21. exd5 Bd7 22. Rac1 Bh6 23. Rc2 Bf5 24. Ng4 Bg7 25. Rcd2 Rc8 26. Nb5 Bxg4 27. hxg4 Nxd5 28. Rxd5 c6 29. Rd7 cxb5 30. Qxb5 Rd8 31. Rxd8 Rxd8 32. Qxe8+ Rxe8 33. b3 Rc8 1-0

[Event "Katowice Open"]
[Site "Katowice POL"]
[Date "1991.??.??"]
[Round "5"]
[White "Belov, Igor"]
[Black "Vaulin, Alexander"]
[Result "0-1"]
[WhiteElo "2440"]
[BlackElo "2510"]
[PlyCount "93"]
[EventDate "1991.??.??"]
[Source "www.chesslib.no"]
[SourceDate "2004.05.04"]

1. Nf3 d5 2. d4 Nf6 3. c4 dxc4 4. Qa4+ c6 5. Qxc4 Bf5 6. g3 Nbd7 7. Bg2 e6 8. O-O Be7 9. Nc3 O-O 10. Re1 Ne4 11. Bf4 Qa5 12. Nh4 Nxc3 13. Nxf5 Nxe2+ 14. Rxe2 Qxf5 15. Qb3 Nb6 16. Re5 Qf6 17. Bg5 Qxg5 18. Rxg5 Bxg5 19. a4 Rab8 20. a5 Nd5 21. Ra4 Be7 22. Rc4 Nc7 23. Qd3 Rfd8 24. Be4 h6 25. Qe3 a6 26. Bc2 Bf6 27. Ba4 Nb5 28. Bxb5 axb5 29. Rb4 Ra8 30. Qf4 Rd7 31. Kg2 Rad8 32. Rb3 Bxd4 33. Rd3 c5 34. b3 c4 35. bxc4 bxc4 36. Rd2 c3 37. Ra2 Bf6 38. Qa4 Rd2 39. Rc2 Rxc2 40. Qxc2 Rd2 41. Qc1 Bd4 42. h4 Rxf2+ 43. Kh3 c2 44. h5 Bf6 45. a6 bxa6 46. Qh1 Rf3 47. Qxf3 0-1

[Event "It (Open) Schwarzach AUT"]
[Site "?"]
[Date "2005.08.??"]
[Round "5"]
[White "Burmakin Vladimir"]
[Black "Kunin Vitaly"]
[Result "1-0"]
[WhiteElo "2508"]
[BlackElo "2439"]
[PlyCount "63"]
[EventDate "2005.??.??"]
[Source "www.chesslib.no"]
[SourceDate "2004.05.04"]

1. d4 d5 2. Nf3 Nf6 3. c4 dxc4 4. Qa4+ Nbd7 5. Nc3 a6 6. Bf4 e6 7. Qxc4 Bd6 8. Bg3 O-O 9. e4 b5 10. Qd3 Bxg3 11. hxg3 b4 12. Na4 Bb7 13. e5 Ne4 14. Rc1 f5 15. Qb3 Qe7 16. Rxc7 Bd5 17. Bc4 Qd8 18. Bxd5 Qxc7 19. Bxe6+ Kh8 20. O-O Rab8 21. Qe3 Qc6 22. Bb3 Nb6 23. Rc1 Qb5 24. Nc5 Rbc8 25. e6 Nd6 26. Ne5 Rf6 27. Ncd7 Rxc1+ 28. Qxc1 Nxd7 29. Nxd7 f4 30. Nxf6 fxg3 31. Qf4 Qe2 32. fxg3 1-0

[Event "Camp. cubano Open"]
[Site "Santa Clara CUB"]
[Date "2007.01.18"]
[Round "9"]
[White "Borges Mateos, J."]
[Black "Abreu, A."]
[Result "1/2-1/2"]
[WhiteElo "2473"]
[BlackElo "2473"]
[PlyCount "92"]
[EventDate "2007.01.10"]
[Source "www.chesslib.no"]
[SourceDate "2004.05.04"]

1. d4 d5 2. c4 dxc4 3. Nf3 Nf6 4. Qa4+ c6 5. Qxc4 Bf5 6. g3 e6 7. Bg2 Nbd7 8. O-O Nb6 9. Qb3 Qd5 10. Nbd2 Qxb3 11. Nxb3 Be4 12. Ne5 Bxg2 13. Kxg2 Bd6 14. Nd3 Nc4 15. Nbc5 b6 16. Na4 Rd8 17. b3 Na3 18. Bb2 Nb5 19. Rac1 Ba3 20. Bxa3 Nxa3 21. Rxc6 Rxd4 22. Rc8+ Rd8 23. Rxd8+ Kxd8 24. Ne5 Ke7 25. Rc1 Nb5 26. Nc3 Nxc3 27. Rxc3 Nd5 28. Rc2 Ra8 29. e4 Nb4 30. Rc4 f6 31. Rxb4 fxe5 32. Rc4 Kd7 33. Kf3 Rf8+ 34. Ke3 g5 35. f3 Kd6 36. Rc2 a5 37. a3 Rg8 38. Rd2+ Ke7 39. Rc2 Kd7 40. Rc1 Ra8 41. Rc3 Rg8 42. g4 Rc8 43. Rxc8 Kxc8 44. Kd3 Kc7 45. Kc4 Kc6 46. b4 b5+ 1/2-1/2

[Event "Cannes op"]
[Site "Cannes"]
[Date "1995.??.??"]
[Round "6"]
[White "Sosonko, Gennadi"]
[Black "Sellos, Didier"]
[Result "1-0"]
[WhiteElo "2535"]
[BlackElo "2410"]
[PlyCount "80"]
[EventDate "1995.02.??"]
[Source "ChessBase"]

1. d4 d5 2. Nf3 Nf6 3. c4 dxc4 4. Qa4+ c6 5. Qxc4 Bf5 6. g3 e6 7. Bg2 Be7 8. O-O Nbd7 9. e3 O-O 10. Rd1 h6 11. Qe2 Qc7 12. Nc3 Ne4 13. Nd2 Nxc3 14. bxc3 c5 15. e4 Bh7 16. Nc4 cxd4 17. cxd4 Rac8 18. Ne3 Nf6 19. f3 Rfd8 20. Bb2 Qa5 21. a4 Rc6 22. Ng4 Qc7 23. Rac1 h5 24. Ne5 Rxc1 25. Rxc1 Qb8 26. Qc4 Ne8 27. h4 a6 28. Bh3 Qd6 29. Kh2 Qb6 30. Rc2 Kf8 31. Qc3 Nf6 32. Qc7 Qb3 33. Qc4 Qb6 34. Nd3 Bd6 35. Nc5 Bb8 36. Bc1 Qc6 37. Qb4 Kg8 38. Qxb7 Bxg3+ 39. Kxg3 Qd6+ 40. Kg2 Nd5 1-0

[Event "Smederevska Palanka"]
[Site "Smederevska Palanka"]
[Date "1984.??.??"]
[Round "?"]
[White "Simic, Radoslav"]
[Black "Adamski, Jan"]
[Result "1/2-1/2"]
[WhiteElo "2485"]
[BlackElo "2460"]
[PlyCount "63"]
[EventDate "1984.05.??"]
[Source "ChessBase"]

1. d4 Nf6 2. Nf3 d5 3. c4 dxc4 4. Qa4+ c6 5. Qxc4 Bf5 6. g3 Nbd7 7. Bg2 e6 8. O-O Be7 9. Rd1 O-O 10. e3 Qb6 11. Nc3 Ne4 12. Ne1 Nxc3 13. bxc3 e5 14. e4 Bg4 15. Nf3 Qa5 16. h3 Be6 17. Qd3 f5 18. Ng5 Bxg5 19. Bxg5 exd4 20. Be7 Rf7 21. Bb4 Qb6 22. Rab1 fxe4 23. Bxe4 dxc3 24. Qe2 c2 25. Bxc2 Bd5 26. Bd6 Qa5 27. Rxb7 Bf3 28. Qe6 Bxd1 29. Bxd1 Qd2 30. Be2 Qe1+ 31. Kg2 Qxf2+ 32. Kh1 1/2-1/2

[Event "Budapest FS10 IM-A"]
[Site "Budapest"]
[Date "1997.10.11"]
[Round "7"]
[White "Stocek, Jiri"]
[Black "Levin, Felix"]
[Result "1-0"]
[WhiteElo "2470"]
[BlackElo "2475"]
[PlyCount "59"]
[EventDate "1997.10.05"]
[Source "ChessBase"]
[SourceDate "1998.03.09"]

1. d4 d5 2. c4 dxc4 3. Nf3 Nf6 4. Qa4+ Nc6 5. g3 Nd7 6. Qxc4 Nb6 7. Qd3 e5 8. Bg2 exd4 9. O-O Be7 10. Na3 Be6 11. Rd1 O-O 12. Bf4 Nd5 13. Bd2 Bf6 14. Nc2 Nb6 15. Bf4 Bc4 16. Qd2 Qe7 17. Ncxd4 Nxd4 18. Nxd4 Rad8 19. Nf5 Qe6 20. Qc2 Rxd1+ 21. Rxd1 Bxa2 22. Nd4 Bxd4 23. Rxd4 Bb3 24. Qxc7 Qxe2 25. Rd8 Qe1+ 26. Bf1 f6 27. Bd2 Qb1 28. Rd4 h5 29. Qe7 Qxb2 30. Qe4 1-0

[Event "New York Open"]
[Site "New York, NY USA"]
[Date "1993.??.??"]
[Round "5"]
[White "Ritter, Mark"]
[Black "Dlugy, Maxim"]
[Result "0-1"]
[WhiteElo "2390"]
[BlackElo "2550"]
[PlyCount "116"]
[EventDate "1993.04.07"]
[Source "www.chesslib.no"]
[SourceDate "2004.05.04"]

1. d4 d5 2. Nf3 Nf6 3. c4 dxc4 4. Qa4+ Nc6 5. Nc3 Nd5 6. Qxc4 Nb6 7. Qd3 e5 8. e3 exd4 9. Nxd4 Nxd4 10. exd4 Be7 11. Be2 O-O 12. O-O Be6 13. Rd1 c6 14. Bf4 Re8 15. Bf3 Nd5 16. Be5 Qd7 17. a3 Rad8 18. Ne4 Bg4 19. h3 Bxf3 20. Qxf3 f6 21. Bg3 Bf8 22. Nc5 Qf7 23. Rd3 h6 24. Rad1 f5 25. Bf4 Nxf4 26. Qxf4 Bd6 27. Qf3 Re7 28. g3 Rde8 29. R3d2 h5 30. Qb3 Qxb3 31. Nxb3 f4 32. gxf4 Bxf4 33. Rd3 Re2 34. Nd2 Re1+ 35. Rxe1 Rxe1+ 36. Nf1 Kf7 37. d5 c5 38. a4 b6 39. b3 Ke7 40. Kg2 Kd6 41. Ne3 g6 42. Nc4+ Kd7 43. Kf3 Bc7 44. Ne3 Rh1 45. Ke4 Rxh3 46. f4 Rh4 47. Ng2 Rg4 48. Rd2 Bxf4 49. Nxf4 g5 50. Ke5 Rxf4 51. Rg2 Rf7 52. Rxg5 Rh7 53. Kf6 Kd6 54. Kg6 Rh8 55. Kg7 Re8 56. Rxh5 Re3 57. Rh8 Kxd5 58. Ra8 a5 0-1

[Event "Ch (1/2 final)"]
[Site "Frunze (Kyrgyzstan)"]
[Date "1989.??.??"]
[Round "?"]
[White "Itkis, Boris"]
[Black "Zagorskis, Darius"]
[Result "1/2-1/2"]
[WhiteElo "2455"]
[BlackElo "2485"]
[PlyCount "65"]
[EventDate "1989.??.??"]
[Source "www.chesslib.no"]
[SourceDate "2004.05.04"]

1. d4 d5 2. Nf3 Nf6 3. c4 dxc4 4. Qa4+ Nc6 5. Nc3 Nd5 6. e4 Nb6 7. Qd1 Bg4 8. d5 Ne5 9. Bf4 Ng6 10. Bg3 e6 11. dxe6 Bxe6 12. Qxd8+ Rxd8 13. Bxc7 Rc8 14. Bxb6 axb6 15. Ng5 Be7 16. Nxe6 fxe6 17. g3 Ne5 18. Be2 g5 19. f4 gxf4 20. gxf4 Ng6 21. O-O O-O 22. f5 exf5 23. exf5 Ne5 24. Rad1 Rcd8 25. Rxd8 Bxd8 26. b3 cxb3 27. axb3 Be7 28. Nd5 Bc5+ 29. Kg2 Rd8 30. Rd1 Kg7 31. Kg3 Nc6 32. f6+ Kh6 33. Ne7 1/2-1/2

[Event "Hastings 9293"]
[Site "Hastings"]
[Date "1992.??.??"]
[Round "9"]
[White "Crouch, Colin S"]
[Black "Sadler, Matthew"]
[Result "1-0"]
[WhiteElo "2425"]
[BlackElo "2515"]
[PlyCount "61"]
[EventDate "1992.12.??"]
[Source "ChessBase"]

1. d4 d5 2. c4 dxc4 3. Nf3 Nf6 4. Qa4+ Nc6 5. Nc3 Nd5 6. e4 Nb6 7. Qd1 Bg4 8. d5 Ne5 9. Qd4 Nxf3+ 10. gxf3 Bxf3 11. Rg1 e6 12. Qe3 Bh5 13. Qh3 g6 14. dxe6 fxe6 15. Qxe6+ Be7 16. Qe5 Rf8 17. Bh6 Rf7 18. Qh8+ Rf8 19. Bxf8 Bxf8 20. Qxh7 Qf6 21. Be2 Bc5 22. O-O-O Ba3 23. Qg8+ Ke7 24. Qh7+ Ke8 25. e5 Qf4+ 26. Kb1 Qf5+ 27. Ka1 Qc2 28. Qh8+ Kf7 29. Qf6+ Ke8 30. Rb1 Be7 31. Qe6 1-0

[Event "HUN-chT 9900"]
[Site "HUN"]
[Date "2000.??.??"]
[Round "9"]
[White "Horvath, Csaba"]
[Black "Almasi, Istvan"]
[Result "1-0"]
[WhiteElo "2519"]
[BlackElo "2420"]
[PlyCount "93"]
[EventDate "1999.??.??"]
[Source "www.chesslib.no"]
[SourceDate "2004.05.04"]

1. Nf3 Nf6 2. d4 d5 3. c4 dxc4 4. Qa4+ Qd7 5. Qxc4 Qc6 6. Nbd2 Qxc4 7. Nxc4 Nc6 8. a3 Be6 9. e3 Bd5 10. b4 a6 11. Bd3 e6 12. Ncd2 Na7 13. O-O Be7 14. Bb2 O-O 15. Ne5 Rfd8 16. e4 Bc6 17. Nxc6 Nxc6 18. Nf3 Nh5 19. Rfd1 Nf4 20. Bf1 Bf6 21. g3 Ng6 22. Rac1 Rac8 23. e5 Be7 24. Bxa6 Nxb4 25. Bxb7 Rb8 26. Be4 Nd5 27. Rc2 Rb5 28. h4 Rdb8 29. Bc1 Rb3 30. Bxd5 exd5 31. Kg2 R8b7 32. a4 Nf8 33. Nh2 Ne6 34. Ng4 R7b6 35. Ne3 c6 36. Nf5 Bf8 37. Bg5 R3b4 38. a5 Ra6 39. Rdc1 Nxd4 40. Nxd4 Rxd4 41. Rxc6 Rxc6 42. Rxc6 h6 43. Be3 Ra4 44. Rc8 Rxa5 45. Bb6 Rb5 46. Bc7 d4 47. Bd6 1-0

[Event "HUN-ch"]
[Site "Budapest"]
[Date "1979.??.??"]
[Round "11"]
[White "Csom, Istvan"]
[Black "Lukacs, Peter"]
[Result "0-1"]
[WhiteElo "2510"]
[BlackElo "2420"]
[PlyCount "82"]
[EventDate "1979.11.??"]
[Source "ChessBase"]

1. d4 d5 2. Nf3 Nf6 3. c4 dxc4 4. Qa4+ c6 5. Qxc4 Bf5 6. g3 e6 7. Bg2 Nbd7 8. O-O Be7 9. Rd1 O-O 10. Nc3 Bc2 11. e3 Bxd1 12. Nxd1 c5 13. Qe2 Rc8 14. Nc3 a6 15. Ne5 Qb6 16. Nxd7 Nxd7 17. d5 Bf6 18. Bd2 Bxc3 19. Bxc3 exd5 20. Bxd5 Nf6 21. Bg2 Rcd8 22. Qc4 Rd7 23. a4 Rfd8 24. Bf3 Nd5 25. a5 Qc7 26. Rc1 Nxc3 27. Qxc3 b5 28. axb6 Qxb6 29. Rc2 Rc7 30. Be2 a5 31. b3 Qb4 32. Qxb4 axb4 33. Ra2 g6 34. Kf1 Rdd7 35. Bb5 Ra7 36. Rc2 Rd1+ 37. Kg2 Rb1 38. Bc4 Raa1 39. h4 Kg7 40. e4 Rc1 41. Rd2 Rxc4 0-1

[Event "RUS-Cup1 Chigorin mem"]
[Site "St Petersburg"]
[Date "1996.??.??"]
[Round "5"]
[White "Gorbatow, Alexej"]
[Black "Sulskis, Sarunas"]
[Result "1/2-1/2"]
[WhiteElo "2415"]
[BlackElo "2515"]
[PlyCount "106"]
[EventDate "1996.11.??"]
[Source "ChessBase"]

1. d4 d5 2. c4 dxc4 3. Nf3 Nf6 4. Qa4+ c6 5. Qxc4 Qd5 6. e3 Be6 7. Qb4 c5 8. Qxc5 Qxc5 9. dxc5 Bd7 10. a3 e6 11. Nc3 Bxc5 12. Nb5 Bxb5 13. Bxb5+ Nbd7 14. Ke2 Ke7 15. Rd1 Rhd8 16. Bd2 Bd6 17. Rac1 Rdc8 18. g3 h6 19. Be1 a6 20. Ba4 Rxc1 21. Rxc1 Nb6 22. Bb3 Rc8 23. Rxc8 Nxc8 24. Bc3 Nb6 25. h3 g6 26. Bc2 Nfd7 27. g4 Ke8 28. Nd2 Nd5 29. Bg7 Bf8 30. Bxf8 Kxf8 31. Be4 Ke7 32. b4 Nc3+ 33. Kd3 Nxe4 34. Kxe4 b5 35. Kd4 Kd6 36. f4 f5 37. gxf5 exf5 38. Nf3 Nf8 39. Nh4 Ne6+ 40. Kd3 Nf8 41. e4 fxe4+ 42. Kxe4 Ke6 43. f5+ gxf5+ 44. Nxf5 Nh7 45. Nxh6 Ng5+ 46. Kd4 Nxh3 47. Kc5 Nf4 48. Kb6 Kd5 49. Kxa6 Kc4 50. Nf5 Nd5 51. Nd6+ Kb3 52. Nxb5 Ka4 53. Nd6 Nxb4+ 1/2-1/2

[Event "ARG-ch"]
[Site "Buenos Aires"]
[Date "1985.??.??"]
[Round "11"]
[White "Panno, Oscar"]
[Black "Schweber, Samuel"]
[Result "1-0"]
[WhiteElo "2505"]
[BlackElo "2420"]
[PlyCount "81"]
[EventDate "1985.??.??"]
[Source "ChessBase"]

1. Nf3 d5 2. d4 Nf6 3. c4 dxc4 4. Qa4+ Qd7 5. Qxc4 Qc6 6. Nbd2 Qxc4 7. Nxc4 e6 8. a3 c5 9. Bf4 Nbd7 10. e3 a6 11. Rc1 b5 12. Nd6+ Bxd6 13. Bxd6 c4 14. Nd2 Bb7 15. f3 Rc8 16. e4 Nb6 17. Be2 Kd7 18. Bb4 Na4 19. Rc2 Nh5 20. Kf2 Nf4 21. Rhc1 Nxe2 22. Kxe2 Rc6 23. Nf1 Ra8 24. Ba5 e5 25. dxe5 Ke6 26. Ne3 Nc5 27. Rd1 Nb3 28. Bc3 g6 29. Nd5 a5 30. Ke3 h5 31. f4 Nc5 32. f5+ gxf5 33. exf5+ Kxf5 34. Ne7+ Kg5 35. Nxc6 Bxc6 36. Rf2 Nd3 37. Rxf7 h4 38. Rdf1 b4 39. Bd2 Rg8 40. h3 Kh5 41. R1f5+ 1-0